|
|
|
|
| LEADER |
00000cam a2200000 a 4500 |
| 001 |
68742 |
| 003 |
CZ-ZlUTB |
| 005 |
20240829152529.0 |
| 007 |
ta |
| 008 |
110913s2011 xr a b p 000 0 cze |
| 015 |
|
|
|a cnb002225001
|
| 020 |
|
|
|a 9788026007319
|q (v knize neuvedeno :
|q brož.)
|
| 035 |
|
|
|a (OCoLC)761169557
|
| 040 |
|
|
|a BOA001
|b cze
|d ZLD002
|
| 072 |
|
7 |
|a 373.2/.3
|x Předškolní a primární výchova a vzdělávání
|2 Konspekt
|9 22
|
| 072 |
|
7 |
|a 37.016
|x Učební osnovy. Vyučovací předměty. Učebnice
|2 Konspekt
|9 22
|
| 080 |
|
|
|a 811.162.3
|2 MRF
|
| 080 |
|
|
|a 51
|2 MRF
|
| 080 |
|
|
|a 37.016:001.101-028.31
|2 MRF
|
| 080 |
|
|
|a 37.091.31-048.87
|2 MRF
|
| 080 |
|
|
|a (076.1)
|2 MRF
|
| 080 |
|
|
|a (075.2)
|2 MRF
|
| 100 |
1 |
|
|a Pašková, Jana,
|d 1965-
|7 mzk2008434004
|4 aut
|4 ill
|
| 245 |
1 |
0 |
|a Učíme se společně :
|b pracovní listy pro skupinové a kooperativní učení v 1. ročníku základní školy : 1. třída /
|c Jana Pašková
|
| 246 |
3 |
|
|a Učíme se společně - 1. třída
|
| 260 |
|
|
|a Dolní Loučky :
|b Miloslav Pašek,
|c c2011
|
| 300 |
|
|
|a 2 sv. (112, 112 s.) :
|b il. ;
|c 30 cm
|
| 650 |
0 |
7 |
|a čeština
|7 ph135292
|2 czenas
|
| 650 |
0 |
7 |
|a matematika
|7 ph117231
|2 czenas
|
| 650 |
0 |
7 |
|a prvouka
|7 ph115907
|2 czenas
|
| 650 |
0 |
7 |
|a skupinové vyučování
|7 ph125608
|2 czenas
|
| 650 |
0 |
7 |
|a kooperativní učení
|7 ph121840
|2 czenas
|
| 650 |
0 |
9 |
|a Czech language
|2 eczenas
|
| 650 |
0 |
9 |
|a mathematics
|2 eczenas
|
| 650 |
0 |
9 |
|a elementary school teaching
|2 eczenas
|
| 650 |
0 |
9 |
|a group work in education
|2 eczenas
|
| 650 |
0 |
9 |
|a cooperative education
|2 eczenas
|
| 655 |
|
7 |
|a pracovní listy
|7 fd250497
|2 czenas
|
| 655 |
|
7 |
|a učebnice základních škol
|7 fd133773
|2 czenas
|
| 655 |
|
9 |
|a activity pages
|2 eczenas
|
| 655 |
|
9 |
|a textbooks (elementary)
|2 eczenas
|
| 910 |
|
|
|a ZLD002
|s 1-2
|
| 952 |
|
|
|0 0
|1 0
|4 0
|6 37323PAŠKOVÁJ
|7 0
|8 BOOK
|9 124698
|a UTBZL
|b UTBZL
|c 010
|d 2013-11-28
|h 1. díl
|l 1
|m 1
|o 373.2/.3/PAŠKOVÁ,J.
|p 420010151120
|q 2028-12-31
|r 2019-08-26 00:00:00
|v 113.00
|w 2019-08-26
|x změnit signaturu | N:nákup;
|y 08
|
| 952 |
|
|
|0 0
|1 0
|4 0
|6 37323PAŠKOVÁJ
|7 0
|8 BOOK
|9 124699
|a UTBZL
|b UTBZL
|c 010
|d 2013-11-28
|h 2. díl
|l 1
|m 1
|o 373.2/.3/PAŠKOVÁ,J.
|p 420010151121
|q 2028-12-31
|r 2019-08-26 00:00:00
|v 107.00
|w 2019-08-26
|x změnit signaturu | N:nákup;
|y 08
|
| 992 |
|
|
|a BK
|b SK
|d 2
|
| 901 |
|
|
|f [1. vyd.]
|g ISBN přiděleno NA ISBN v ČR
|g Publikace dělena do dvou svazků z technických důvodů
|o 20111005
|
| 998 |
|
|
|a 002225001
|
| 999 |
|
|
|c 68742
|d 68742
|